Novelas / (Record no. 103646)
[ view plain ]
| 000 -LEADER | |
|---|---|
| campo de control de longitud fija | 01884nam a2200385 4500 |
| 001 - NÚMERO DE CONTROL | |
| campo de control | 103646 |
| 003 - IDENTIFICADOR DE NÚMERO DE CONTROL | |
| campo de control | ES-MaACL |
| 005 - FECHA Y HORA DE LA ÚLTIMA TRANSACCIÓN | |
| campo de control | 20250514194848.0 |
| 007 - CAMPO FIJO DE DESCRIPCIÓN FÍSICA--INFORMACIÓN GENERAL | |
| campo de control de longitud fija | t| |
| 008 - DATOS DE LONGITUD FIJA--INFORMACIÓN GENERAL | |
| campo de control de longitud fija | 060426m20052009sp ||||1|dspa d |
| 020 ## - NÚMERO INTERNACIONAL ESTÁNDAR DEL LIBRO | |
| Número Internacional Estándar del Libro | 84-672-1455-4 (Círculo de Lectores, v.1) |
| 020 ## - NÚMERO INTERNACIONAL ESTÁNDAR DEL LIBRO | |
| Número Internacional Estándar del Libro | 84-8109-534-6 (Galaxia Gutenberg, v.1) |
| 080 ## - NÚMERO DE LA CLASIFICACIÓN DECIMAL UNIVERSAL | |
| Número de la Clasificación Decimal Universal | 821.111(899)-3"19" |
| 100 1# - ENTRADA PRINCIPAL--NOMBRE DE PERSONA | |
| Nombre de persona | Onetti, Juan Carlos. |
| 9 (RLIN) | 87072 |
| 245 10 - MENCIÓN DEL TÍTULO | |
| Título | Novelas / |
| Mención de responsabilidad, etc. | Juan Carlos Onetti ; edición de Hortensia Campanella. |
| 246 3# - FORMA VARIANTE DEL TITULO | |
| Título propio/Titulo breve | Novelas. |
| Número de parte o sección de la obra | I. |
| -- | II |
| 260 ## - PUBLICACIÓN, DISTRIBUCIÓN, ETC. | |
| Lugar de publicación, distribución, etc. | Barcelona : |
| Nombre del editor, distribuidor, etc. | Círculo de Lectores : |
| -- | Galaxia Gutenberg, |
| Fecha de publicación, distribución, etc. | [2005-2007] |
| 300 ## - DESCRIPCIÓN FÍSICA | |
| Extensión | 2 v. ; |
| Dimensiones | 22 cm. |
| 490 1# - MENCIÓN DE SERIE | |
| Mención de serie | Obras completas ; |
| Designación de volumen o secuencia | 1-2 |
| 490 1# - MENCIÓN DE SERIE | |
| Mención de serie | Opera mundi |
| 500 ## - NOTA GENERAL | |
| Nota general | Apéndices. |
| 505 8# - NOTA DE CONTENIDO CON FORMATO | |
| Nota de contenido con formato | Contiene: 1. Novelas I (1939-1954) / |
| Mención de responsabilidad | ; preámbulo de Dolly Onetti ; prólogo de Juan Villoro (XCVII, 967 p.) -- 2. Novelas II (1959-1993) / |
| -- | ; prólogo de José Manuel Caballero Bonald ; postfacio de Liliana Díaz Mindurry (XXVIII, 1138 p.) |
| 505 8# - NOTA DE CONTENIDO CON FORMATO | |
| Nota de contenido con formato | Contiene: 1 ; |
| Título | El pozo ; |
| -- | Tierra de nadie ; |
| -- | Para esta noche ; |
| -- | La vida breve ; |
| -- | Los adioses - 2 ; |
| -- | Para una tumba sin nombre ; |
| -- | La cara de la desgracia ; |
| -- | Jacob y el otro ; |
| -- | El astillero ; |
| -- | Tan triste como ella ; |
| -- | Juntacadáveres ; |
| -- | La muerte y la niña ; |
| -- | Dejemos hablar al viento ; |
| -- | Cuando entonces ; |
| -- | Cuando ya no importe . |
| 700 1# - ENTRADA AGREGADA--NOMBRE PERSONAL | |
| Nombre de persona | Campanella, Hortensia. |
| 9 (RLIN) | 34115 |
| 700 1# - ENTRADA AGREGADA--NOMBRE PERSONAL | |
| Nombre de persona | Onetti, Dolly. |
| 9 (RLIN) | 87071 |
| 700 1# - ENTRADA AGREGADA--NOMBRE PERSONAL | |
| Nombre de persona | Villoro, Juan. |
| 9 (RLIN) | 115275 |
| 700 1# - ENTRADA AGREGADA--NOMBRE PERSONAL | |
| Nombre de persona | Caballero Bonald, José Manuel, |
| Fechas asociadas al nombre | 1926-2021 |
| 9 (RLIN) | 226628 |
| 700 1# - ENTRADA AGREGADA--NOMBRE PERSONAL | |
| Nombre de persona | Díaz Mindurry, Liliana. |
| 9 (RLIN) | 146821 |
| 830 0# - PUNTO DE ACCESO ADICIONAL DE SERIE-TÍTULO UNIFORME | |
| Título uniforme | Obras completas ; |
| Designación de volumen o secuencia | 1-2 |
| 9 (RLIN) | 176447 |
| 830 0# - PUNTO DE ACCESO ADICIONAL DE SERIE-TÍTULO UNIFORME | |
| Título uniforme | Opera mundi |
| 9 (RLIN) | 180669 |
| 852 ## - LOCALIZACIÓN | |
| Ubicación | ES-MaACL |
| itemnumber | 107523 |
| Número de control de estantería | A-11266 |
| Sublocalización o colección | R.137313 |
| Ubicación en estantería | Depósito 1 |
| Signatura antigua | Olim: N-4271 |
| Designación de la unidad física | v.1 |
| 852 ## - LOCALIZACIÓN | |
| Ubicación | ES-MaACL |
| itemnumber | 200483 |
| Número de control de estantería | A-11267 |
| Sublocalización o colección | R.137313 |
| Ubicación en estantería | Depósito 1 |
| Signatura antigua | Olim: N-4272 |
| Designación de la unidad física | v.2 |
| 942 ## - ELEMENTOS DE ENTRADA SECUNDARIOS (KOHA) | |
| Fuente del sistema de clasificación o colocación | Clasificación decimal universal |
| Estatus retirado | Estado de pérdida | Fuente del sistema de clasificación o colocación | Estado de daño | No para préstamo | Biblioteca de origen | Biblioteca actual | Ubicación en estantería | Fecha de adquisición | Fuente de adquisición | Enumeración/cronología de publicación seriada | Total de préstamos | Signatura topográfica completa | Código de barras | Visto por última vez | Precio de reemplazo | Tipo de ítem Koha |
|---|---|---|---|---|---|---|---|---|---|---|---|---|---|---|---|---|
| Clasificación decimal universal | Biblioteca del Ateneo de Madrid | Biblioteca del Ateneo de Madrid | Depósito 1 | 17/01/2008 | Compra | v.1 | A-11266 | 1108215 | 23/02/2023 | 23/02/2023 | Libro impreso | |||||
| Clasificación decimal universal | Biblioteca del Ateneo de Madrid | Biblioteca del Ateneo de Madrid | Depósito 1 | 04/09/2023 | Compra | v.2 | A-11267 | 101205777 | 04/09/2023 | 04/09/2023 | Libro impreso |
